00250nam a2200097Ia 4500008004100000082000800041100001300049245006900062942000600131999001500137240331s9999 xx 000 0 und d bMIT aMitra, A 0aTelevision and popular culture in India :ba study of Mahabharat cL c2156d2156